000 00919nas a2200277 4500
001 BR2011007658
003 BR-BrBNA
005 20231205115223.0
007 ta
008 230509b bl.|||p| |||| 00| 00por d
040 _aBR-BrBNA
_bpor
_cBiblioteca Nacional de Agricultura
041 _a(Pt)
072 _aH10
100 1 _aPeres Filho, O.
100 1 _aSilva, A.L. da
100 1 _aCunha e Castro, C.K. da
100 1 _aDorval, A.
245 1 _aRegistro de ocorrência de Glycasphis brimblecombei (Moore, 1964)(Hemiptera: Psyllidae)e seus inimigos naturais em povoamentos de Eucalyptus spp. no estado de Mato Grosso, Brasil
650 _aEUCALIPTO
650 _aHEMIPTERA
650 _aINSETO
650 _aMATO GROSSO
773 0 _tRevista de Agricultura (Brazil)
_xISSN 0034-7655
_g(Sep 2011), v. 86(2) p. 122-124
_wBR2011007658
909 _a202311
_bLúcia
_c55
_dLúcia Elande
942 _2AGRIS
_n0
_cANA
999 _c212678
_d212678